00702nam a2200229Ia 450000500170000000800410001702000180005804000180007604100080009408200210010210000220012324500560014525000120020126000490021330000310026265000450029365000400033865000260037865000220040465000260042665000200045220241205134540.0210716s2009 xx 000 0 und d a9788120320284 cAIMIT LIBRARY aeng a005.74 21bPANR aPanneerselvam, R. aDatabase management systems /cBy R. Panneerselvam. a1st ed. aNew Delhi :bPHI Learning Pvt Ltd. ,c2009 . axiv, 277p. ;bPBc23.5 cm. aHierarchical database management systems aNetwork database management systems aImplementation design adatabase concepts aImplementation design aDatabase design